| 000 | 00700nam a2200229 a 4500 | ||
|---|---|---|---|
| 001 | BRCA_6950 | ||
| 005 | 20190320205644.0 | ||
| 008 | 181111s1954----u--a######---#000-0#eng-# | ||
| 041 | _aeng | ||
| 044 | _au | ||
| 050 | 4 |
_aND646 _b.S54 1954 |
|
| 245 | 1 | 0 |
_aDutch painting (fifteenth trough seventeenth centuries) _ctext by Seymour Slive |
| 260 |
_a[Estados Unidos _bHarry N. Abrams _cc1954] |
||
| 300 |
_a4 p. _bil. (algunas a color), 16 láminas _c39 cm. |
||
| 440 | 0 |
_aAbrams art book _917320 |
|
| 500 | _aTítulo de cubierta: Masterpieces of Dutch Painting | ||
| 500 | _aO184 | ||
| 650 | 1 | 4 |
_aPintura holandesa _99393 |
| 700 | 1 |
_aSlive, Seymour _etx. _917321 |
|
| 902 | _aGFM | ||
| 942 |
_2lcc _cB |
||
| 999 |
_c6632 _d6632 |
||